Biblioteca

Macabeos (Registro nro. 64355)

Detalles MARC
000 -LÍDER
Campo fijo de descripción fija 01768nam a22003134i 4500
001 - NÚMERO DE CONTROL
Campo de control 768714001
003 - IDENTIFICADOR DEL NÚMERO DE CONTROL
Campo de control CO-MdFUSB
005 - FECHA Y HORA DE LA ULTIMA TRANSACCIÓN
control field 20180811064917.0
008 - ELEMENTOS DE LONGITUD FIJA -- INFORMACIÓN GENERAL
Campo fijo de descripción fija -- Información general 180808t1969 sp ||||| |||| 00| 0 spa d
040 ## - FUENTE DE CATALOGACIÓN
Agencia de catalogación original CO-MdFUSB
Idioma de catalogación spa
Agencia que realiza la transcripción CO-MdFUSB
Agencia que realiza la modificación CO-MdFUSBC
Convenciones de la descripción rda
041 ## - CÓDIGO DE IDIOMA
Código de idioma para texto/pista de sonido o título separado spa
082 ## - NÚMERO DE CLASIFICACIÓN DECIMAL DEWEY
Número de la edición del Dewey 23
Número de clasificación 229.73
Clave de autor-Numero de item SCH365
100 ## - ASIENTO PRINCIPAL--NOMBRE PERSONAL
Nombre personal Schoenberg, Martin
Término relacionador autor
240 ## - TITULO UNIFORME
Título uniforme <a href="Old Testament Reading Gude : First Maccabees Second Maccabees">Old Testament Reading Gude : First Maccabees Second Maccabees</a>
245 ## - TÍTULO
Título del Material Macabeos
Mención de responsabilidad, etc. / Martin Schoenberg ; traductor Gregorio Gil
264 #1 - PRODUCCIÓN, PUBLICACIÓN, DISTRIBUCIÓN, MANUFACTURA, Y COPYRIGHT
Lugar de producción, publicación, distribución, manufactura España :
Nombre del productor, publicador, distribuidor Salterrae,
Fecha de producción, publicación, distribución, manufactura, o copyright ℗[1970].
264 #4 - PRODUCCIÓN, PUBLICACIÓN, DISTRIBUCIÓN, MANUFACTURA, Y COPYRIGHT
Fecha de producción, publicación, distribución, manufactura, o copyright ©1970.
300 ## - DESCRIPCIÓN FÍSICA
Extensión 173 páginas
Dimensiones ; 17 cm
336 ## - TIPO DE CONTENIDO
Fuente rdacontent
Término de tipo de contenido texto
Código de tipo de contenido txt
337 ## - TIPO DE MEDIO
Fuente rdamedia
Nombre del tipo de medio sin mediación
Código del tipo de medio n
338 ## - TIPO DE SOPORTE
Fuente rdacarrier
Nombre del tipo de soporte volumen
Código Tipo de soporte nc
490 1# - MENCIÓN DE SERIE
Mención de serie Conoce la biblia : Antiguo Testamento.
505 ## - NOTA DE CONTENIDO
Título Los libros de los Macabeos. --
-- Libro primero de los Macabeos. --
-- Libro segundo de los Macabeos. --
-- Pasaje de 2 Macabeos usados como epístolas en la misa. --
-- Pasaje de 1 Macabeo usados como lecciones del breviario. --
-- Temas para repaso y discusión. --
-- Abreviaturas. --
Nota de contenido con formato preestablecido Introducción: helenismo en Asia Menor (1 Mac 1,1-2,70) -- Parte l: guerra por la independencia bajo Judas Macabeo (3,1 - 9,22) -- Parte ll: Jonatán como lider (9,23 - 12,54) -- Parte lll: la lucha bajo Simón (13,1-13-24) -- Apendices (14,16 - 16,24) -- Introducción (1,1 - 2,32) -- Parte l: acontecimientos que precedieron a la purificación del Templo (3,1 - 10,8) -- Parte ll: Escaramuzas diversas que preceden al Día de Nicanor (10,9 - 15,36) -- Epílogo del autor (15,37-39)
563 ## - NOTA DE ENCUADERNACIÓN
Nota de encuadernación Tapa rústica
630 07 - TITULO UNIFORME
Título uniforme Biblia.
Nombre de parte o sección de la obra Macabeos, 1° y 2°
700 ## - ASIENTO SECUNDARIO - NOMBRE PERSONAL
Nombre personal Gil, Gregorio
Responsabilidad traductor
9 (RLIN) 1306
830 ## - PUNTO DE ACCESO ADICIONAL DE SERIE - TÍTULO UNIFORME
Título uniforme Conoce la biblia : Antiguo Testamento
Número de parte o sección de la obra , No. 13
942 ## - TIPO DE MATERIAL (KOHA)
Tipo de Item KOHA Libros General
Existencias
Estado de Material Estado de Perdido Forma de Clasificación Estado de Dañado No para Préstamo Colección Biblioteca de Origen Biblioteca Permanente Fecha de Adquisición Total de Préstamos Total de Renovaciones Signatura Topográfica Código de Barras Última vez visto Última vez Préstado Ejemplar/Existencia Fecha de Remplazo Tipo de Material
    Dewey Decimal Classification     Colección General Biblioteca FUSBC Biblioteca FUSBC 10/08/2018 2 2 G 229.73 SCH365m 13350 12/12/2019 25/05/2019 Ej. 1 10/08/2018 Libros General

Biblioteca FUSBC | Teléfono: (57+4) 349 88 10 Ext. 141| WhatsApp (+57) 3005338115 
E-mail: biblioteca@unisbc.edu.co | Calle 76 87-14 Robledo Palenque, Medellín, Colombia

Con tecnología Koha